Skip to content
VuFind
All Fields
Title
Author
Subject
Call Number
ISBN/ISSN
Tag
Find
Advanced
Information systems through CO...
Cite this
Print
Export Record
Export to RefWorks
Export to EndNoteWeb
Export to EndNote
Export to MARC
Information systems through COBOL
Bibliographic Details
Format:
Book
Holdings
Description
Similar Items
Staff View
MARC
LEADER
00000cam a2200000 7i4500
001
0000008182
002
000008924
005
20000330.0
020
|a
0070497915
090
0
0
|a
001.6424
|b
PHI
245
1
0
|a
Information systems through COBOL
999
|a
0005048
|b
BUKU
|c
PINJAMAN
|e
PERPUSTAKAAN KOMUNITI PETALING JAYA
Similar Items
Cobol : a primer and programming guide
by: OVERBEEK, Ross A.
Published: (1986)
Fundamentals of Structured COBOL
ANSI Structured COBOL : an introduction
by: Teglovic, Steve
Published: (1986)
Comprehensive COBOL
by: Philippakis, Andrew S
Published: (1991)
Programing in cobol
by: Srivastava, Harish
Published: (1994)